International express intermediate (Student's book with Pocket book)

Uloženo v:
Podrobná bibliografie
Hlavní autor: Liz Taylor
Médium: Kniha
Jazyk:Undetermined
Vydáno: Oxford Oxford Univ. Press 1999
Témata:
Tagy: Přidat tag
Žádné tagy, Buďte první, kdo otaguje tento záznam!
Thư viện lưu trữ: Trung tâm Học liệu Trường Đại học Cần Thơ
LEADER 00642nam a2200205Ia 4500
001 CTU_35199
008 210402s9999 xx 000 0 und d
020 |c 98.000 
082 |a 428.24 
082 |b T244i 
100 |a Liz Taylor 
245 0 |a International express intermediate (Student's book with Pocket book) 
245 0 |c Liz Taylor 
260 |a Oxford 
260 |b Oxford Univ. Press 
260 |c 1999 
650 |a english language,english language - textbooks for foreign speakers 
650 |x study and teaching,problems, exercises, etc 
904 |i Minh, 000222 
980 |a Trung tâm Học liệu Trường Đại học Cần Thơ